| 000 | 00781nam a2200253 a 4500 | ||
|---|---|---|---|
| 008 | |||
| 020 | _a0273655108 (pbk.) | ||
| 049 | _aMAIN | ||
| 090 | _aHF5549 | ||
| 100 | _aMcKenna, Eugene. | ||
| 245 | 0 | 0 |
_aHuman resource management : _ba concise analysis / _cEugene McKenna and Nic Beech. |
| 260 |
_aHarlow, Essex : _bPearson Education, _c2002. |
||
| 300 |
_ax, 316 p. ; _c24 cm. |
||
| 500 | _aIncludes index. | ||
| 500 | _aReplaces: The essence of human resource management. | ||
| 504 | _aIncludes bibliographical references. | ||
| 650 | 0 | _aPersonnel management. | |
| 700 | 1 | _aBeech, Nic. | |
| 907 |
_a.b10081823 _b12-07-03 _c11-07-03 |
||
| 003 | |||
| 005 | 20230123133330.0 | ||
| 040 | _cNUST | ||
| 942 |
_cBOOKS _kHF5549 |
||
| 999 |
_c146754 _d146754 |
||